Kraje które zdobyły 0 złotych medali na letnich igrzyskach olimpijskch - Statystyki

Ogólne statystyki
  • Ten quiz został rozwiązany 40 razy
  • Średni wynik to 6 z 36
Statystyki odpowiedzi
Hint Odpowiedź % Poprawnych
0 San Marino
65%
0 Liechtenstein
35%
0 Dżibuti
29%
0 Haiti
29%
0 Samoa
29%
0 Islandia
26%
0 Gwatemala
23%
0 Irak
23%
0 Liban
23%
0 Sudan
23%
0 Czarnogóra
19%
0 Gabon
19%
0 Mołdawia
19%
0 Togo
19%
0 Zambia
19%
0 Botswana
16%
0 Cypr
16%
0 Kuwejt
16%
0 Macedonia Północna
16%
0 Mauritius
16%
0 Niger
16%
0 Tonga
16%
0 Afganistan
13%
0 Barbados
13%
0 Gujana
13%
0 Namibia
13%
0 Turkmenistan
13%
0 Kirgistan
10%
0 Sri Lanka
10%
0 Burkina Faso
6%
0 Paragwaj
6%
0 Arabia Saudyjska
3%
0 Ghana
3%
0 Malezja
3%
0 Senegal
3%
0 Tanzania
3%
Nie znaleziono quizów pasujących do podanych kryteriów
Rozkład punktacji
Procent ludzi z każdym wynikiem
Percentyl według liczby udzielonych odpowiedzi
Twoja historia wyników
Nie rozwiązałeś tego quizu